A century of select hymns. Collected out of Scripture. All to be sung in five or six tunes commonly known and practized.

Bibliographic Details
Main Author: Barton, William, 1598?-1678
Format: eBook
Language:English
Published: London : Printed by T.R. for Francis Eglesfield, and Thomas Underhill, in S. Pauls Church-yard, and Francis Tyton at the three daggers neer the Temple in Fleetstreet, 1659.
Series:Early English books online.
Subjects:
Online Access:Connect to the full text of this electronic book

MARC

Tag First Indicator Second Indicator Subfields
LEADER 00000nam a2200000 4500
001 in00004285413
005 20200813081928.0
006 m g d
007 cr bn |||a|bb|
008 940712s1659 enk o 00| | eng d
035 |a (UnM)99868961 
037 |a CL0051000009  |b ProQuest Information and Learning. 300 N. Zeeb Rd., Ann Arbor, MI 48106 
040 |a Cu-RivES  |c Cu-RivES  |d CStRLIN  |e dcrb  |d WaOLN 
100 1 |a Barton, William,  |d 1598?-1678. 
245 1 2 |a A century of select hymns. Collected out of Scripture.  |b All to be sung in five or six tunes commonly known and practized.  |c By W.B. Minister of the Gospel at Martins in Leicester. 
260 |a London :  |b Printed by T.R. for Francis Eglesfield, and Thomas Underhill, in S. Pauls Church-yard, and Francis Tyton at the three daggers neer the Temple in Fleetstreet,  |c 1659. 
300 |a 1 online resource ([12], 108 pages) 
336 |a text  |b txt  |2 rdacontent 
337 |a computer  |b c  |2 rdamedia 
338 |a online resource  |b cr  |2 rdacarrier 
500 |a W.B. = William Barton. 
500 |a Identified as Wing B1001 on UMI microfilm set "Early English Books, 1641-1700". 
500 |a Annotation on Thomason copy: "Nou:". 
500 |a Reproduction of the original in the British Library. 
510 4 |a Wing (2nd edition, 1994)  |c B1000. 
510 4 |a Thomason  |c E.2104[1]. 
533 |a Electronic reproduction.  |b Ann Arbor, Mich. :  |c UMI,  |d 1999-  |f (Early English books online)  |n Digital version of: (Thomason Tracts ; 240:E2104[1])  |7 s1999 miun s 
650 0 |a Hymns, English  |v Early works to 1800. 
830 0 |a Early English books online. 
856 4 0 |u http://proxy.library.tamu.edu/login?url=https://search.proquest.com/docview/2240949017  |z Connect to the full text of this electronic book  |t 0 
999 f f |s 4911528c-fcde-3420-869d-983ee2fbbe52  |i 7b23e7ea-7bb4-3e39-94d9-8c35036240fe  |t 0 
952 f f |a Texas A&M University  |b College Station  |c Electronic Resources  |d Available Online  |t 0  |h No information provided 
998 f f |t 0  |l Available Online